000
00270nam a22001217a 4500
082
_a
823
_b
ANI/V
100
_a
ANILKUMAR, K
245
_a
VIKRAM BETAL STORIES
260
_a
DELHI
_b
MANOJ PUBLICATIONS
_c
2004
300
_a
148
650
_a
ENGLISH STORY
_z
INDIA
942
_c
BK
999
_c
7406
_d
7406